The wild, wild West / (Record no. 1738)
[ view plain ]
| 000 -LEADER | |
|---|---|
| fixed length control field | 01655cam a2200481 a 4500 |
| 001 - CONTROL NUMBER | |
| control field | 1738 |
| 003 - CONTROL NUMBER IDENTIFIER | |
| control field | FISKH |
| 005 - DATE AND TIME OF LATEST TRANSACTION | |
| control field | 20230925132818.0 |
| 008 - FIXED-LENGTH DATA ELEMENTS--GENERAL INFORMATION | |
| fixed length control field | 060307s2005 nyuab b 000 1 eng d |
| 010 ## - LIBRARY OF CONGRESS CONTROL NUMBER | |
| LC control number | 2006295565 |
| 020 ## - INTERNATIONAL STANDARD BOOK NUMBER | |
| International Standard Book Number | 0439691443 (pbk.) |
| 020 ## - INTERNATIONAL STANDARD BOOK NUMBER | |
| International Standard Book Number | 1415606846 (BWI bdg.) |
| 020 ## - INTERNATIONAL STANDARD BOOK NUMBER | |
| International Standard Book Number | 9780439691444 |
| 035 ## - SYSTEM CONTROL NUMBER | |
| System control number | (OCoLC)ocm60585209 |
| 040 ## - CATALOGING SOURCE | |
| Original cataloging agency | BKX |
| Transcribing agency | BKX |
| Modifying agency | BAKER |
| -- | OCLCQ |
| -- | EHH |
| -- | X#4 |
| -- | VP@ |
| -- | XY4 |
| -- | FISKH |
| -- | DLC |
| Language of cataloging | eng |
| 041 1# - LANGUAGE CODE | |
| Language code of text/sound track or separate title | eng |
| Language code of original | ita |
| 042 ## - AUTHENTICATION CODE | |
| Authentication code | lcac |
| -- | lccopycat |
| 043 ## - GEOGRAPHIC AREA CODE | |
| Geographic area code | n-usp-- |
| 050 00 - LIBRARY OF CONGRESS CALL NUMBER | |
| Classification number | PZ7 |
| Item number | .W645769 2005 |
| 082 04 - DEWEY DECIMAL CLASSIFICATION NUMBER | |
| Classification number | [Fic] |
| Edition number | 22 |
| 100 1# - MAIN ENTRY--PERSONAL NAME | |
| Personal name | Stilton, Geronimo. |
| 240 10 - UNIFORM TITLE | |
| Uniform title | Quattro topi nel far west! |
| Language of a work | English. |
| 245 14 - TITLE STATEMENT | |
| Title | The wild, wild West / |
| Statement of responsibility, etc. | Geronimo Stilton ; [illustrations by Larry Keys and Ratterto Rattonchi]. |
| 260 ## - PUBLICATION, DISTRIBUTION, ETC. | |
| Place of publication, distribution, etc. | New York : |
| Name of publisher, distributor, etc. | Scholastic, |
| Date of publication, distribution, etc. | 2005. |
| 300 ## - PHYSICAL DESCRIPTION | |
| Extent | 106 pages : |
| Other physical details | color illustrations, maps ; |
| Dimensions | 20 cm. |
| 500 ## - GENERAL NOTE | |
| General note | "English translation... by Edizioni Piemme S.p.A."--T.p. verso. |
| 505 ## - FORMATTED CONTENTS NOTE | |
| Formatted contents note | H |
| 520 ## - SUMMARY, ETC. | |
| Summary, etc. | Geronimo Stilton finds himself in the wild West, where he becomes involved in a showdown with the "wickedest" rat of Cactus City. |
| 521 0# - TARGET AUDIENCE NOTE | |
| Target audience note | 460 <br/> |
| Source | Lexile |
| 521 1# - TARGET AUDIENCE NOTE | |
| Target audience note | H <br/> |
| Source | Raz-Plus |
| 600 10 - SUBJECT ADDED ENTRY--PERSONAL NAME | |
| Personal name | Stilton, Geronimo |
| Form subdivision | Juvenile fiction. |
| 650 #0 - SUBJECT ADDED ENTRY--TOPICAL TERM | |
| Topical term or geographic name entry element | Western stories. |
| 650 #0 - SUBJECT ADDED ENTRY--TOPICAL TERM | |
| Topical term or geographic name entry element | Mice |
| Form subdivision | Juvenile fiction. |
| 650 #0 - SUBJECT ADDED ENTRY--TOPICAL TERM | |
| Topical term or geographic name entry element | Rats |
| Form subdivision | Juvenile fiction. |
| 650 #1 - SUBJECT ADDED ENTRY--TOPICAL TERM | |
| Topical term or geographic name entry element | Mice |
| Form subdivision | Fiction. |
| 650 #1 - SUBJECT ADDED ENTRY--TOPICAL TERM | |
| Topical term or geographic name entry element | Rats |
| Form subdivision | Fiction. |
| 650 #1 - SUBJECT ADDED ENTRY--TOPICAL TERM | |
| Topical term or geographic name entry element | Journalists |
| Form subdivision | Fiction. |
| 650 #1 - SUBJECT ADDED ENTRY--TOPICAL TERM | |
| Topical term or geographic name entry element | Humorous stories. |
| 651 #1 - SUBJECT ADDED ENTRY--GEOGRAPHIC NAME | |
| Geographic name | West (U.S.) |
| Form subdivision | Fiction. |
| 906 ## - LOCAL DATA ELEMENT F, LDF (RLIN) | |
| a | 7 |
| b | cbc |
| c | copycat |
| d | 2 |
| e | ncip |
| f | 20 |
| g | y-gencatlg |
| 942 ## - ADDED ENTRY ELEMENTS (KOHA) | |
| Source of classification or shelving scheme | Dewey Decimal Classification |
| Koha item type | Books |
| Suppress in OPAC | No |
| Withdrawn status | Lost status | Source of classification or shelving scheme | Damaged status | Not for loan | Collection | Home library | Current library | Shelving location | Date acquired | Total Checkouts | Full call number | Barcode | Date last seen | Date last checked out | Price effective from | Koha item type |
|---|---|---|---|---|---|---|---|---|---|---|---|---|---|---|---|---|
| Dewey Decimal Classification | Juvenile Fiction | Footprints International School Library Network Toul Kork Campus | Footprints International School Library Network Toul Kork Campus | TK Primary Library Room(4th Floor), Bookcase 1&2, Shelves 1-16, Dark Blue Books | 09/25/2023 | 1 | STI Fic PZ7.T3388 | FISTK05264 | 04/09/2026 | 04/02/2026 | 09/25/2023 | Books |
